| 000 | 00000nam 2200000zi 4500 |
| 001 | 9.915563 |
| 003 | CaOODSP |
| 005 | 20240710082141 |
| 006 | m o d f |
| 007 | cr ||||||||||| |
| 008 | 220920t20222022onc obs f000 0 fre d |
| 020 | |a9780660455501 |
| 040 | |aCaOODSP|bfre|erda|cCaOODSP |
| 043 | |an-cn--- |
| 086 | 1 |aRR4-2/2023F-PDF |
| 245 | 00|aÉnoncé de politique des trois conseils : |béthique de la recherche avec des êtres humains. |
| 264 | 1|aOttawa (Ontario) : |bSecrétariat sur la conduite responsable de la recherche = Secretariat on Responsible Conduct of Research, |c2022. |
| 264 | 4|c©2022 |
| 300 | |a1 ressource en ligne (iii, 317 pages) |
| 336 | |atexte|btxt|2rdacontent/fre |
| 337 | |ainformatique|bc|2rdamedia/fre |
| 338 | |aressource en ligne|bcr|2rdacarrier/fre |
| 500 | |aPublié aussi en anglais sous le titre : The tri-council policy statement: ethical conduct for research involving humans. |
| 500 | |a« EPTC 2 2022. » |
| 504 | |aComprend des références bibliographiques. |
| 650 | 6|aExpérimentation humaine en médecine|xAspect moral|xPolitique gouvernementale|zCanada. |
| 650 | 6|aMédecine|xRecherche|xAspect moral|xPolitique gouvernementale|zCanada. |
| 710 | 2 |aSecrétariat sur la conduite responsable de la recherche (Canada), |eorganisme de publication. |
| 710 | 2 |aInstituts de recherche en santé du Canada, |eorganisme de publication. |
| 775 | 08|tThe tri-council policy statement : |w(CaOODSP)9.915562 |
| 795 | |tÉnoncé de politique des trois Conseils : |w(CaOODSP)9.869462 |
| 856 | 40|qPDF|s2.05 Mo|uhttps://publications.gc.ca/collections/collection_2023/irsc-cihr/RR4-2-2023-fra.pdf |
| 856 | 4 |qHTML|sS.O.|uhttps://ethics.gc.ca/fra/policy-politique_tcps2-eptc2_2022.html |